| 000 | 01445nam a2200265Ia 4500 | ||
|---|---|---|---|
| 999 |
_c40533 _d40533 |
||
| 001 | 7144 | ||
| 003 | GE_BSU | ||
| 005 | 20211013161948.0 | ||
| 008 | 181216s ||||ge |||||||||||||| ||geo|| | ||
| 020 | _a9789941422706 | ||
| 040 | _cGE_BSU | ||
| 041 | _dgeo | ||
| 080 | _a821.134.2-31 ს-42 | ||
| 100 |
_aსერვანტეს, საავედრა მიგელ დე _912655 |
||
| 245 |
_aმახვილგონიერი იდალგო დონ კიხოტ ლამანჩელი 1 ნაწ : _bრომანი / _cსაავედრა მიგელ დე სერვანტეს ; ბაჩანა ბრეგაძის თარგმანი ; რედ. მაია ალუდაური. |
||
| 264 |
_aთბილისი : _bპალიტრა L, _c2011. |
||
| 300 |
_a536 გვ. ; _c22 სმ. |
||
| 490 |
_a50 წიგნი, რომელიც უნდა წაიკითხო სანამ ცოცხალი ხარ _vწ. 18 _xISSN :1987-9628 |
||
| 541 | _h10ლ. | ||
| 653 | _aმახვილგონიერი იდალგო დონ კიხოტ ლამანჩელი 1 ნაწ. | ||
| 653 | _aრომანი | ||
| 700 |
_aბრეგაძე, ბაჩანა _eმთარგმნელი _912656 |
||
| 700 |
_aალუდაური, მაია _eრედაქტორი _92096 |
||
| 942 |
_cBK _2udc |
||